| 000 | 00925nam a2200241 i 4500 | ||
|---|---|---|---|
| 001 | 16361 | ||
| 003 | ES-MaACL | ||
| 005 | 20230906151313.0 | ||
| 007 | t| | ||
| 008 | 000904s2000 sp a |||| | spa d | ||
| 020 | _a84-8156-270-X | ||
| 080 | _a726.82.035/.036(4) | ||
| 245 | 0 | 0 |
_aArte y arquitectura funeraria (XIX-XX) _b= Arte e architettura funeraria = Funeral art and architecture : Dublin, Genova, Madrid, Torino / _cedición a cargo de Sofía Diéguez Patao y Carmen Giménez ; con el patrocinio, Comisión Europea. |
| 246 | 3 | 1 | _aArte e architettura funeraria |
| 246 | 3 | 1 | _aFuneral art and architecture |
| 260 |
_a[Madrid] : _bElecta, _c[2000] |
||
| 300 |
_a359 p. : _bil. ; _c28 cm. |
||
| 500 | _aTexto en español, italiano e inglés. | ||
| 650 | 1 | 4 |
_aMonumentos funerarios- _zEuropa. _9167246 |
| 700 | 1 |
_aDiéguez Patao, Sofía. _944584 |
|
| 700 | 1 |
_aGiménez, Carmen. _957022 |
|
| 852 |
_aES-MaACL _jL-23623 |
||
| 999 |
_c16361 _d16361 |
||